Elektronické nákupné aukcie

Ekonomický prínos elektronických nákupných aukcií. Rozvoj a zmeny v nákupe a nákupných činnostiach v rôzných etapách vývoja. Ciele nákupu. Nákup a lelektronické riešenia podnikových procesov. Nákupná politika podniku. Elektronický nákup ( e-procurement). Prínosy elektronického nákupu. Pojem elektron...

Descrizione completa

Salvato in:
Dettagli Bibliografici
Autore principale: Dzurová, Mária
Altri autori: Mariaš, Miroslav
Natura: Capitolo di libro
Lingua:slovacco
Soggetti:
Tags: Aggiungi Tag
Nessun Tag, puoi essere il primo ad aggiungerne!!

MARC

LEADER 00000nla$a2200000$$$4500
001 0057848
005 20240522081519.1
041 0 |a slo 
044 |a CZ 
245 1 0 |a Elektronické nákupné aukcie  |c Mária Dzurová, Miroslav Mariaš 
520 |a Ekonomický prínos elektronických nákupných aukcií. Rozvoj a zmeny v nákupe a nákupných činnostiach v rôzných etapách vývoja. Ciele nákupu. Nákup a lelektronické riešenia podnikových procesov. Nákupná politika podniku. Elektronický nákup ( e-procurement). Prínosy elektronického nákupu. Pojem elektronická aukcia. Proces aukcie. 
610 2 0 |a trh elektronický 
610 2 0 |a nákup 
610 2 0 |a aukcie 
100 1 |a Dzurová, Mária 
700 1 |a Mariaš, Miroslav